000 01180nam a2200217Ia 4500
999 _c36494
_d36494
001 2412
003 GE_BSU
005 20190516141323.0
008 181216s1972||||ge |||||||||||||| ||geo||
040 _cGE_BSU
041 _ageo
080 _a821.353.1.09(075.8) ა-98
245 _cთბილისის სახელმწიფო უნივერსიტეტი ; რედ. დ. გამეზარდაშვილი.
_aახალი ქართული ლიტერატურის ისტორია. წ. 1 :
_bმე-19 ს. 60 წლებამდე /
260 _aთბილისი
260 _bთბილ. უნ-ტის გამ-ბა
260 _c1972
300 _a453 გვ.
_b21 სმ.
653 _aახალი ქართული ლიტერატურის ისტორია
700 _aგამეზარდაშვილი, დავით
_dფილოლოგი, მეცნიერი, ქართული ლიტერატურისა და ჟურნალისტიკის ისტორიკოსი,
_eრედაქტორი
_91225
942 _cBK
_2udc